[Event "Voronezh-ch"]
[Site "Voronezh"]
[Date "2012.10.27"]
[Round "8"]
[White "Testova, Victoria"]
[Black "Grishchenko, Vladimir"]
[Result "1-0"]
[WhiteElo "2004"]
[BlackElo "2022"]
[PlyCount "63"]
[EventDate "2012.10.19"]
[EventType "swiss"]
[EventRounds "9"]
[EventCountry "RUS"]
[SourceTitle "EXT 2013"]
[Source "ChessBase"]
[SourceDate "2012.11.22"]
[SourceVersion "1"]
[SourceVersionDate "2012.11.22"]
[SourceQuality "1"]

1. e4 c5 2. Nf3 e6 3. d3 d6 4. g3 Nc6 5. Bg2 g6 6. 0-0 Bg7 7. Nbd2 Nge7 8. Re1 0-0 9. c3 Rb8 10. Nf1 d5 11. e5 h6 12. h4 Nf5 13. Bf4 b5 14. Qd2 b4 15. N1h2 bxc3 16. bxc3 Rb6 17. Ng4 h5 18. Bg5 Qc7 19. Nf6+ Bxf6 20. Bxf6 Nce7 21. Bh3 Bb7 22. g4 hxg4 23. Bxg4 d4 24. h5 dxc3 25. Qg5 Bxf3 26. Bxf3 Rb4 27. Be4 Kh7 28. hxg6+ fxg6 29. Kg2 Kg8 30. Rh1 Kf7 31. Rh7+ Ke8 32. Bxf5 1-0

[Event "Voronezh-ch"]
[Site "Voronezh"]
[Date "2012.10.20"]
[Round "2"]
[White "Testova, Victoria"]
[Black "Ioffe, Evgeny"]
[Result "1/2-1/2"]
[WhiteElo "2004"]
[BlackElo "2056"]
[PlyCount "79"]
[EventDate "2012.10.19"]
[EventType "swiss"]
[EventRounds "9"]
[EventCountry "RUS"]
[SourceTitle "EXT 2013"]
[Source "ChessBase"]
[SourceDate "2012.11.22"]
[SourceVersion "1"]
[SourceVersionDate "2012.11.22"]
[SourceQuality "1"]

1. e4 c6 2. d4 d5 3. exd5 cxd5 4. c4 Nf6 5. Nc3 e6 6. Nf3 Be7 7. Bd3 dxc4 8. Bxc4 Nc6 9. 0-0 0-0 10. a3 a6 11. Bg5 b5 12. Ba2 Bb7 13. Qd3 Rc8 14. Rad1 Qd6 15. Bxf6 Bxf6 16. d5 exd5 17. Bxd5 Qf4 18. Ne4 Rcd8 19. Nxf6+ Qxf6 20. Qe4 Rfe8 21. Qh4 Qxh4 22. Nxh4 Kf8 23. Nf3 Na5 24. Bxb7 Nxb7 25. h3 Nd6 26. b3 Ne4 27. Rc1 Rd3 28. Rc6 Rxb3 29. Rxa6 Rb2 30. Nd4 g6 31. Rb6 Nc3 32. Rc1 Ne2+ 33. Nxe2 Rexe2 34. Rf6 Rb3 35. Rc7 Re7 36. Rc5 Rb7 37. Ra6 h5 38. Ra5 Kg7 39. a4 bxa4 40. Rxa4 1/2-1/2

[Event "Voronezh op-B 15th"]
[Site "Voronezh"]
[Date "2011.06.17"]
[Round "6"]
[White "Zhukov, Viktor Andreevich"]
[Black "Testova, Victoria"]
[Result "0-1"]
[WhiteElo "2133"]
[BlackElo "1947"]
[PlyCount "76"]
[EventDate "2011.06.12"]
[EventType "swiss"]
[EventRounds "9"]
[EventCountry "RUS"]
[SourceTitle "CBM 143 Extra"]
[Source "ChessBase"]
[SourceDate "2011.08.29"]
[SourceVersion "1"]
[SourceVersionDate "2011.08.29"]
[SourceQuality "1"]

1. e4 c5 2. Nf3 d6 3. d4 cxd4 4. Qxd4 Nc6 5. Bb5 Bd7 6. Bxc6 Bxc6 7. Nc3 e5 8. Qd3 h6 9. Be3 Nf6 10. 0-0-0 Be7 11. h3 Qa5 12. Kb1 Rd8 13. Bd2 Qc7 14. Rhe1 0-0 15. Qe2 Rfe8 16. Bc1 Bf8 17. Qc4 Rc8 18. Qe2 b5 19. g4 b4 20. Nd5 Bxd5 21. exd5 Qa5 22. g5 hxg5 23. Nxg5 Rc5 24. Ne4 Nxe4 25. Qxe4 Rec8 26. Rg1 Rxc2 27. Bh6 R8c4 28. Rxg7+ Bxg7 29. Qg2 Kf8 30. Qxg7+ Ke8 31. Qf8+ Kd7 32. Qxf7+ Kc8 33. Qe6+ Kb7 34. Qxd6 Qa4 35. Qg6 Rxb2+ 36. Kxb2 Qxd1 37. d6 Qe2+ 38. Kb1 e4 0-1

[Event "Voronezh op-B 15th"]
[Site "Voronezh"]
[Date "2011.06.13"]
[Round "2"]
[White "Kiselev, Alexander S"]
[Black "Testova, Victoria"]
[Result "1-0"]
[WhiteElo "2242"]
[BlackElo "1947"]
[PlyCount "59"]
[EventDate "2011.06.12"]
[EventType "swiss"]
[EventRounds "9"]
[EventCountry "RUS"]
[SourceTitle "CBM 143 Extra"]
[Source "ChessBase"]
[SourceDate "2011.08.29"]
[SourceVersion "1"]
[SourceVersionDate "2011.08.29"]
[SourceQuality "1"]

1. e4 c5 2. Nf3 d6 3. d4 cxd4 4. Nxd4 Nf6 5. Nc3 a6 6. f3 e5 7. Nb3 Be6 8. Be3 Nbd7 9. g4 b5 10. g5 b4 11. Ne2 Nh5 12. Qd2 Be7 13. 0-0-0 a5 14. Kb1 a4 15. Nbc1 Qb8 16. Ng3 Nxg3 17. hxg3 Nc5 18. Bh3 Bc4 19. b3 axb3 20. cxb3 Bb5 21. Qxb4 0-0 22. Bf1 Ba4 23. Qxb8 Rfxb8 24. Bc4 Rb4 25. Bd5 Rab8 26. Bxc5 dxc5 27. Nd3 Rd4 28. Nxe5 Bxg5 29. Rxd4 cxd4 30. Nxf7 1-0

[Event "Voronezh op-B 15th"]
[Site "Voronezh"]
[Date "2011.06.12"]
[Round "1"]
[White "Testova, Victoria"]
[Black "Klimentov, Roman"]
[Result "1/2-1/2"]
[WhiteElo "1947"]
[BlackElo "2277"]
[PlyCount "74"]
[EventDate "2011.06.12"]
[EventType "swiss"]
[EventRounds "9"]
[EventCountry "RUS"]
[SourceTitle "CBM 143 Extra"]
[Source "ChessBase"]
[SourceDate "2011.08.29"]
[SourceVersion "1"]
[SourceVersionDate "2011.08.29"]
[SourceQuality "1"]

1. e4 c5 2. Nf3 d6 3. c3 Nf6 4. h3 Nc6 5. Bd3 g6 6. 0-0 Bg7 7. Bc2 0-0 8. d4 Nd7 9. d5 Nce5 10. Nxe5 Nxe5 11. f4 Nd7 12. a4 Nf6 13. Na3 e6 14. dxe6 Bxe6 15. Be3 Qe7 16. Qf3 Bd7 17. e5 dxe5 18. Qxb7 e4 19. Nc4 Qe6 20. Ne5 Rfb8 21. Qc7 Rc8 22. Qa5 Bf8 23. Rfd1 Be8 24. b3 Nd5 25. Nc4 Nxe3 26. Nxe3 Bh6 27. Rf1 f5 28. Rad1 Bf7 29. Qb5 Bg7 30. Nd5 Kh8 31. Qe2 Rab8 32. Qe3 Rb7 33. Rd2 Rd7 34. Rfd1 Qc6 35. Nb4 cxb4 36. Rxd7 Bg8 37. R1d6 Qxc3 1/2-1/2

[Event "Voronezh Region-ch Juniors"]
[Site "Voronezh"]
[Date "2010.11.25"]
[Round "3.5"]
[White "Mikhailov, Artem"]
[Black "Testova, Victoria"]
[Result "1/2-1/2"]
[WhiteElo "1678"]
[BlackElo "1883"]
[PlyCount "40"]
[EventDate "2010.11.23"]
[EventType "swiss"]
[EventRounds "9"]
[EventCountry "RUS"]
[SourceTitle "EXT 2022"]
[Source "ChessBase"]
[SourceDate "2021.10.06"]
[SourceVersion "1"]
[SourceVersionDate "2021.10.06"]
[SourceQuality "1"]

1. e4 c5 2. Nf3 d6 3. d4 cxd4 4. Nxd4 Nf6 5. Nc3 a6 6. Be3 e5 7. Nf3 Be6 8. Be2 Nbd7 9. 0-0 h6 10. Qd2 Be7 11. Rad1 Rc8 12. Ne1 b5 13. a3 0-0 14. f4 Nb6 15. fxe5 dxe5 16. Qxd8 Bxd8 17. Rxd8 Rfxd8 18. Bxb6 Rd6 19. Be3 Bc4 20. Nd3 Nd7 1/2-1/2

[Event "Anapa op-B"]
[Site "Anapa"]
[Date "2010.09.01"]
[Round "1"]
[White "Testova, Victoria"]
[Black "Dmitriev, Igor"]
[Result "0-1"]
[WhiteElo "1860"]
[BlackElo "2366"]
[PlyCount "86"]
[EventDate "2010.08.31"]
[EventType "swiss"]
[EventRounds "9"]
[EventCountry "RUS"]
[SourceTitle "EXT 2013"]
[Source "ChessBase"]
[SourceDate "2012.11.22"]
[SourceVersion "1"]
[SourceVersionDate "2012.11.22"]
[SourceQuality "1"]

1. e4 d6 2. d4 a6 3. f4 Nd7 4. Nf3 Ndf6 5. Bd3 Bg4 6. Nbd2 e6 7. h3 Bxf3 8. Nxf3 d5 9. e5 Nd7 10. 0-0 Ne7 11. Qe2 g6 12. Be3 Nf5 13. Bf2 c5 14. c3 cxd4 15. cxd4 Be7 16. Rac1 h5 17. Rc2 Nb8 18. a3 Nc6 19. Rfc1 h4 20. Qe1 Kf8 21. Kh2 Kg7 22. Qd2 Rh5 23. Be2 Qb6 24. Rd1 a5 25. Rc3 a4 26. Qc2 Rhh8 27. b4 axb3 28. Rxb3 Qa7 29. Qb1 Rab8 30. a4 Rhc8 31. Bb5 Na5 32. Rbd3 Nc4 33. Nd2 Na3 34. Qb3 Qa5 35. Nb1 Nxb5 36. axb5 Rc4 37. Be1 Bb4 38. Bxb4 Rxb4 39. Qc2 Qxb5 40. Qc7 Re8 41. Nc3 Qc4 42. Qa5 Rb3 43. Kh1 Rc8 0-1

[Event "RUS-chT U20"]
[Site "Rybinsk"]
[Date "2010.08.08"]
[Round "7"]
[White "Testova, Victoria"]
[Black "Balaian, Alina"]
[Result "0-1"]
[WhiteElo "1860"]
[BlackElo "2161"]
[PlyCount "108"]
[EventDate "2010.08.02"]
[EventType "team-swiss"]
[EventRounds "9"]
[EventCountry "RUS"]
[SourceTitle "EXT 2011"]
[Source "ChessBase"]
[SourceDate "2010.11.26"]
[SourceVersion "1"]
[SourceVersionDate "2010.11.26"]
[SourceQuality "1"]

1. e4 e6 2. d3 d5 3. Nd2 c5 4. Ngf3 Nc6 5. g3 Bd6 6. Bg2 Nge7 7. 0-0 0-0 8. Re1 Bc7 9. Nf1 b6 10. h4 a5 11. N1h2 Ba6 12. h5 h6 13. e5 Nf5 14. Bf4 Ra7 15. Qd2 f6 16. Ng4 fxe5 17. Nfxe5 Nxe5 18. Bxe5 Bc8 19. c3 Qe8 20. Qe2 Qe7 21. Rad1 Bxe5 22. Nxe5 Qg5 23. Ng6 Rf6 24. d4 Ne7 25. Nxe7+ Rxe7 26. dxc5 bxc5 27. Bxd5 Ref7 28. Bg2 Rxf2 29. Qe5 R2f5 30. Qe3 Qxe3+ 31. Rxe3 Rxh5 32. Be4 Rf8 33. Red3 Re5 34. Re3 Kh8 35. Rde1 c4 36. Kg2 Rxe4 37. Rxe4 Bb7 38. Kg1 Bxe4 39. Rxe4 Rb8 40. Rxc4 Rxb2 41. Ra4 Rb5 42. Re4 e5 43. a4 Rc5 44. Kf2 Kg8 45. c4 Kf7 46. Ke3 Ke6 47. Kf3 Rc7 48. Rg4 g5 49. Ke3 Rb7 50. c5 Kd5 51. c6 Rb3+ 52. Kd2 Kxc6 53. Re4 Kd5 54. Rg4 e4 0-1

[Event "RUS-chT U20"]
[Site "Rybinsk"]
[Date "2010.08.06"]
[Round "5"]
[White "Testova, Victoria"]
[Black "Belkina, Yuliya"]
[Result "1-0"]
[WhiteElo "1860"]
[BlackElo "1822"]
[PlyCount "93"]
[EventDate "2010.08.02"]
[EventType "team-swiss"]
[EventRounds "9"]
[EventCountry "RUS"]
[SourceTitle "EXT 2011"]
[Source "ChessBase"]
[SourceDate "2010.11.26"]
[SourceVersion "1"]
[SourceVersionDate "2010.11.26"]
[SourceQuality "1"]

1. e4 e6 2. d4 d5 3. Nc3 Bb4 4. e5 c5 5. a3 cxd4 6. Qg4 Ne7 7. Qxg7 Rg8 8. Qxh7 Qa5 9. Rb1 dxc3 10. axb4 Qxb4 11. Qd3 Nbc6 12. f4 d4 13. Ne2 Nd5 14. h4 a5 15. h5 a4 16. h6 a3 17. b3 a2 18. Ra1 Nde7 19. h7 Rh8 20. Ng3 Ng6 21. Ne4 Ke7 22. Qg3 Nd8 23. Qg5+ Kd7 24. Nf6+ Kc7 25. Bd3 Bd7 26. Bxg6 fxg6 27. Qxg6 Qf8 28. Qg8 Nf7 29. Qxf8 Rhxf8 30. g4 Nh8 31. g5 Be8 32. Nxe8+ Rfxe8 33. Ke2 Kc6 34. Kd3 Kd5 35. Rh4 Ng6 36. Rh6 Nh8 37. Rh1 b5 38. Re1 Kc5 39. Re4 Red8 40. b4+ Kxb4 41. Rxd4+ Rxd4+ 42. Kxd4 Ra7 43. Ke4 Rxh7 44. Rxa2 Ng6 45. Ra6 Rh2 46. Ba3+ Kc4 47. Rc6# 1-0

[Event "Voronezh op-B 14th"]
[Site "Voronezh"]
[Date "2010.06.18"]
[Round "6"]
[White "Testova, Victoria"]
[Black "Voronin, Mikhail"]
[Result "0-1"]
[WhiteElo "1826"]
[BlackElo "1986"]
[PlyCount "52"]
[EventDate "2010.06.12"]
[EventType "swiss"]
[EventRounds "9"]
[EventCountry "RUS"]
[SourceTitle "CBM 137 Extra"]
[Source "ChessBase"]
[SourceDate "2010.09.01"]
[SourceVersion "1"]
[SourceVersionDate "2010.09.01"]
[SourceQuality "1"]

1. e4 b6 2. d4 Bb7 3. Bd3 e6 4. Qe2 c5 5. c3 Nc6 6. Nf3 cxd4 7. cxd4 Nb4 8. Bc4 Rc8 9. Nc3 Rxc4 10. Qxc4 Nc2+ 11. Ke2 Nxa1 12. Bf4 Nc2 13. a3 Nf6 14. Qd3 Nxd4+ 15. Nxd4 a6 16. Rc1 Nh5 17. Be3 Qf6 18. Kf1 Nf4 19. Qd2 Bc5 20. b4 Bxd4 21. Bxd4 e5 22. Be3 Ng6 23. Nd5 Qd6 24. Rc7 Bxd5 25. Rc8+ Ke7 26. Rxh8 Bc4+ 0-1

[Event "Voronezh-ch"]
[Site "Voronezh"]
[Date "2010.03.14"]
[Round "6"]
[White "Ponomariov, Timur"]
[Black "Testova, Victoria"]
[Result "1/2-1/2"]
[WhiteElo "2305"]
[BlackElo "1800"]
[PlyCount "63"]
[EventDate "2010.03.09"]
[EventType "swiss"]
[EventRounds "9"]
[EventCountry "RUS"]
[SourceTitle "CBM 135 Extra"]
[Source "ChessBase"]
[SourceDate "2010.05.04"]
[SourceVersion "1"]
[SourceVersionDate "2010.05.04"]
[SourceQuality "1"]

1. e4 c5 2. Nf3 d6 3. d4 cxd4 4. Nxd4 Nf6 5. Nc3 a6 6. Be2 e5 7. Nb3 Be6 8. 0-0 Nbd7 9. f4 Rc8 10. f5 Bc4 11. Be3 Be7 12. a4 0-0 13. a5 b5 14. axb6 Nxb6 15. Nd2 Bxe2 16. Qxe2 d5 17. exd5 Nbxd5 18. Nxd5 Nxd5 19. Ne4 Qc7 20. Rf2 a5 21. Bd2 Qxc2 22. Rxa5 Rfd8 23. Qg4 Nf6 24. Nxf6+ Bxf6 25. Bc3 Rd1+ 26. Rf1 Rxf1+ 27. Kxf1 Qd3+ 28. Kf2 e4 29. Qe2 Bd4+ 30. Kf1 Qb1+ 31. Qe1 Qd3+ 32. Qe2 1/2-1/2

[Event "Voronezh-ch"]
[Site "Voronezh"]
[Date "2010.03.10"]
[Round "2"]
[White "Filippov, Vladimir Mikhailovi"]
[Black "Testova, Victoria"]
[Result "1-0"]
[WhiteElo "2077"]
[BlackElo "1800"]
[PlyCount "73"]
[EventDate "2010.03.09"]
[EventType "swiss"]
[EventRounds "9"]
[EventCountry "RUS"]
[SourceTitle "CBM 135 Extra"]
[Source "ChessBase"]
[SourceDate "2010.05.04"]
[SourceVersion "1"]
[SourceVersionDate "2010.05.04"]
[SourceQuality "1"]

1. d4 Nf6 2. Nf3 e6 3. Bg5 Be7 4. c3 0-0 5. Nbd2 b6 6. Qc2 Bb7 7. e3 d6 8. Bd3 Nbd7 9. Rd1 c5 10. 0-0 Rc8 11. Rfe1 h6 12. Bh4 cxd4 13. exd4 Nd5 14. Bxe7 Qxe7 15. Qa4 N7f6 16. g3 Qc7 17. Ba6 Bc6 18. Bb5 Ba8 19. Ba6 Rcd8 20. Bf1 Ne7 21. Bg2 Nf5 22. Rc1 Bc6 23. Qc2 Qb7 24. h3 b5 25. b3 Rc8 26. Qd3 Rc7 27. c4 bxc4 28. bxc4 Rfc8 29. Rb1 Qa6 30. Bf1 Ne7 31. Rb2 Qa5 32. Reb1 Qh5 33. Bg2 Ba8 34. Rb8 e5 35. dxe5 dxe5 36. Qd6 Kh7 37. Rxc8 1-0

[Event "Voronezh-ch sf op"]
[Site "Voronezh"]
[Date "2010.02.18"]
[Round "8.12"]
[White "Popov, Kirill"]
[Black "Testova, Victoria"]
[Result "1-0"]
[WhiteElo "1869"]
[BlackElo "1813"]
[PlyCount "47"]
[EventDate "2010.02.10"]
[EventType "swiss"]
[EventRounds "9"]
[EventCountry "RUS"]
[SourceTitle "EXT 2022"]
[Source "ChessBase"]
[SourceDate "2021.10.06"]
[SourceVersion "1"]
[SourceVersionDate "2021.10.06"]
[SourceQuality "1"]

1. e4 c5 2. Nf3 d6 3. d4 cxd4 4. Nxd4 Nf6 5. Nc3 a6 6. Be2 e5 7. Nb3 Be6 8. 0-0 Nbd7 9. Kh1 Be7 10. f4 Qc7 11. g4 exf4 12. g5 Ng8 13. Bxf4 0-0-0 14. Nd5 Bxd5 15. exd5 h6 16. Rf3 Kb8 17. Rc3 Qb6 18. Be3 Nc5 19. Nxc5 dxc5 20. b4 hxg5 21. bxc5 Qh6 22. Bg1 Nf6 23. c6 Bd6 24. Qd4 1-0

[Event "Voronezh Region-ch"]
[Site "Voronezh"]
[Date "2009.09.19"]
[Round "8.9"]
[White "Artemov, Nikita"]
[Black "Testova, Victoria"]
[Result "1-0"]
[WhiteElo "1843"]
[BlackElo "1787"]
[PlyCount "27"]
[EventDate "2009.09.11"]
[EventType "swiss"]
[EventRounds "9"]
[EventCountry "RUS"]
[SourceTitle "EXT 2022"]
[Source "ChessBase"]
[SourceDate "2021.10.06"]
[SourceVersion "1"]
[SourceVersionDate "2021.10.06"]
[SourceQuality "1"]

1. e4 c5 2. Nf3 d6 3. d4 cxd4 4. Nxd4 Nf6 5. Nc3 a6 6. Bc4 e6 7. Be3 Nbd7 8. 0-0 Nc5 9. f4 b5 10. Bb3 b4 11. Na4 Ncxe4 12. Nc6 Qc7 13. Nb6 Qxc6 14. Ba4 1-0

[Event "Voronezh Region-ch"]
[Site "Voronezh"]
[Date "2009.09.18"]
[Round "7.12"]
[White "Testova, Victoria"]
[Black "Bykov, Alexey1111"]
[Result "1-0"]
[WhiteElo "1787"]
[BlackElo "2070"]
[PlyCount "37"]
[EventDate "2009.09.11"]
[EventType "swiss"]
[EventRounds "9"]
[EventCountry "RUS"]
[SourceTitle "EXT 2022"]
[Source "ChessBase"]
[SourceDate "2021.10.06"]
[SourceVersion "1"]
[SourceVersionDate "2021.10.06"]
[SourceQuality "1"]

1. e4 Nf6 2. e5 Nd5 3. d4 e6 4. Nf3 c5 5. c3 Nc6 6. a3 Be7 7. Bd3 b6 8. c4 Nc7 9. Be4 cxd4 10. Nxd4 Bb7 11. Nc3 a6 12. 0-0 Rb8 13. Nf3 d6 14. exd6 Qxd6 15. Qe2 Nd4 16. Nxd4 Qxd4 17. Rd1 Qf6 18. Bxb7 Rxb7 19. Qe4 1-0

[Event "Voronezh Region-ch"]
[Site "Voronezh"]
[Date "2009.09.11"]
[Round "1.6"]
[White "Testova, Victoria"]
[Black "Golovchanov, Artiom"]
[Result "1/2-1/2"]
[WhiteElo "1787"]
[BlackElo "2105"]
[PlyCount "34"]
[EventDate "2009.09.11"]
[EventType "swiss"]
[EventRounds "9"]
[EventCountry "RUS"]
[SourceTitle "EXT 2022"]
[Source "ChessBase"]
[SourceDate "2021.10.06"]
[SourceVersion "1"]
[SourceVersionDate "2021.10.06"]
[SourceQuality "1"]

1. e4 c5 2. Nf3 d6 3. c3 Nf6 4. h3 Nc6 5. Bd3 g6 6. Bc2 Bg7 7. 0-0 0-0 8. Re1 Qc7 9. d4 cxd4 10. cxd4 e6 11. Nc3 a6 12. Be3 b5 13. Rc1 Rd8 14. Bb1 Qb7 15. Bg5 h6 16. Be3 Na5 17. Nd2 Bd7 1/2-1/2

[Event "Voronezh op-B 13th"]
[Site "Voronezh"]
[Date "2009.06.13"]
[Round "2"]
[White "Zhukov, Viktor Andreevich"]
[Black "Testova, Victoria"]
[Result "1-0"]
[WhiteElo "2191"]
[BlackElo "1769"]
[PlyCount "70"]
[EventDate "2009.06.12"]
[EventType "swiss"]
[EventRounds "9"]
[EventCountry "RUS"]
[SourceTitle "CBM 130 Extra"]
[Source "ChessBase"]
[SourceDate "2009.07.02"]
[SourceVersion "2"]
[SourceVersionDate "2009.07.15"]
[SourceQuality "1"]

1. e4 c5 2. Nf3 d6 3. d4 cxd4 4. Nxd4 Nf6 5. Nc3 a6 6. Bc4 e6 7. a3 b5 8. Ba2 Qc7 9. 0-0 Nbd7 10. f4 Nc5 11. f5 Be7 12. b4 e5 13. Nde2 Ncxe4 14. Nxe4 Nxe4 15. Bxf7+ Kf8 16. Bd5 Bb7 17. Be3 Nf6 18. Bxb7 Qxb7 19. Ng3 Kf7 20. Qe2 Rhc8 21. Bg5 Ne8 22. Ne4 Rc4 23. Qh5+ Kg8 24. f6 gxf6 25. Nxf6+ Nxf6 26. Bxf6 Bxf6 27. Rxf6 Qg7 28. Raf1 Rxc2 29. Qf3 Rac8 30. Rf7 Qh6 31. Qd5 Kh8 32. R7f6 Qe3+ 33. Kh1 Rf2 34. Qe6 Rxf1+ 35. Rxf1 Qc1 1-0

[Event "Dimitrovgrad-ch"]
[Site "Dimitrovgrad"]
[Date "2009.??.??"]
[Round "3"]
[White "Sokolovsky, Victor"]
[Black "Testova, Victoria"]
[Result "0-1"]
[WhiteElo "2060"]
[BlackElo "1765"]
[PlyCount "74"]
[EventDate "2009.08.??"]
[EventType "swiss"]
[EventRounds "9"]
[EventCountry "RUS"]
[SourceTitle "EXT 2012"]
[Source "ChessBase"]
[SourceDate "2011.11.24"]
[SourceVersion "1"]
[SourceVersionDate "2011.11.24"]
[SourceQuality "1"]

1. e4 c5 2. Nf3 d6 3. d4 cxd4 4. Nxd4 Nf6 5. Nc3 a6 6. Be3 e5 7. Nb3 Be6 8. Be2 Nbd7 9. g4 h6 10. h4 b5 11. g5 hxg5 12. Bxg5 b4 13. Nd5 Bxd5 14. exd5 Be7 15. Qd3 Qc7 16. Rd1 Nb6 17. f4 e4 18. Qe3 Nbxd5 19. Rxd5 Nxd5 20. Qxe4 Nb6 21. Bxe7 Qxe7 22. Qc6+ Kf8 23. Qxb6 Rxh4 24. Rxh4 Qxh4+ 25. Qf2 Qh1+ 26. Kd2 Qd5+ 27. Qd4 Qe6 28. Bc4 Qe7 29. Nc1 Re8 30. Ne2 a5 31. Qd3 Qf6 32. c3 Rb8 33. Qd4 Qe7 34. Ng3 bxc3+ 35. Qxc3 Qh4 36. Ne2 Qe7 37. Kc2 Rc8 0-1

[Event "Dimitrovgrad-ch"]
[Site "Dimitrovgrad"]
[Date "2009.??.??"]
[Round "4"]
[White "Testova, Victoria"]
[Black "Zhurikhin, Alexander"]
[Result "0-1"]
[WhiteElo "1765"]
[BlackElo "2150"]
[PlyCount "60"]
[EventDate "2009.08.??"]
[EventType "swiss"]
[EventRounds "9"]
[EventCountry "RUS"]
[SourceTitle "EXT 2012"]
[Source "ChessBase"]
[SourceDate "2011.11.24"]
[SourceVersion "1"]
[SourceVersionDate "2011.11.24"]
[SourceQuality "1"]

1. e4 e5 2. Bc4 Nf6 3. d3 Nc6 4. Nf3 h6 5. c3 g6 6. 0-0 Bg7 7. Bb3 0-0 8. h3 d6 9. Nbd2 Na5 10. Bc2 c5 11. Re1 Nc6 12. Nf1 d5 13. exd5 Nxd5 14. Ne3 Nf4 15. Nc4 Qc7 16. Be3 b6 17. Qd2 Bf5 18. Rac1 Nxd3 19. Bxd3 Rad8 20. Bxh6 Rxd3 21. Qg5 f6 22. Qh4 Ne7 23. Bxg7 Kxg7 24. Ne3 Be6 25. a3 Nf5 26. Qe4 c4 27. Nh4 Nxh4 28. Qxh4 Rh8 29. Qe4 f5 30. Qf3 f4 0-1

[Event "Voronezh op-B"]
[Site "Voronezh"]
[Date "2008.06.18"]
[Round "7"]
[White "Nikulshin, Arseny"]
[Black "Testova, Victoria"]
[Result "1-0"]
[WhiteElo "1962"]
[BlackElo "1706"]
[PlyCount "115"]
[EventDate "2008.06.12"]
[EventType "swiss"]
[EventRounds "9"]
[EventCountry "RUS"]
[SourceTitle "CBM 125 Extra"]
[Source "ChessBase"]
[SourceDate "2008.09.01"]
[SourceVersion "1"]
[SourceVersionDate "2008.09.01"]
[SourceQuality "1"]

1. e4 c6 2. d4 d5 3. exd5 cxd5 4. Nc3 Nf6 5. Nf3 Bg4 6. h3 Bh5 7. g4 Bg6 8. Bb5+ Nc6 9. Ne5 Rc8 10. h4 h6 11. Nxg6 fxg6 12. Qd3 Kf7 13. h5 g5 14. f4 gxf4 15. Bxf4 e6 16. 0-0-0 Bb4 17. Qg6+ Kf8 18. Ne2 Ne7 19. Qd3 Qa5 20. a3 Bxa3 21. bxa3 a6 22. Bd2 Qxb5 23. Qxb5 axb5 24. Nf4 Kf7 25. Bb4 Nc6 26. Ng6 Rhe8 27. Bc5 Nxg4 28. Bd6 Kg8 29. Rhg1 Ne3 30. Rd3 Nf5 31. Be5 b4 32. Rg4 bxa3 33. Rxa3 Nb4 34. c3 Nd3+ 35. Kd2 Nf2 36. Rf4 Ne4+ 37. Kd3 Rc6 38. Rxf5 exf5 39. Nf4 Rd8 40. Ng6 Kf7 41. Rb3 b6 42. Ra3 Nf6 43. Bxf6 Kxf6 44. Nf4 Kg5 45. Ke3 Rcd6 46. Ra7 R8d7 47. Ra2 Re7+ 48. Kf3 Rc7 49. Rg2+ Kf6 50. Rg6+ Ke7 51. Rxg7+ Kd8 52. Rg8+ Kd7 53. Ne2 Rf6 54. Kf4 Rcc6 55. Rg7+ Kd6 56. Ng3 Rxc3 57. Nxf5+ Ke6 58. Re7# 1-0